Marques de Voitures - Statistiques

Statistiques générales
  • Ce quiz a été pris 1 699 fois
  • Le résultat moyen est 32 sur 84
Statistiques - réponses
Marques % Correct
Mercedes
94%
Ferrari
92%
Renault
92%
Peugeot
91%
BMW
90%
Audi
89%
Citroën
88%
Lamborghini
84%
Porsche
81%
Ford
77%
Fiat
75%
Toyota
75%
Volkswagen
75%
Bugatti
69%
Honda
69%
Hyundai
67%
Nissan
67%
Aston Martin
64%
Opel
64%
Chevrolet
62%
Tesla
61%
Dacia
60%
Seat
58%
Suzuki
56%
Bentley
55%
Mini
55%
Alfa Roméo
53%
Alpine
53%
Kia
53%
Skoda
53%
Volvo
53%
Rolls-Royce
52%
Land Rover
50%
McLaren
50%
Jaguar
49%
Mitsubishi
47%
Dodge
46%
Jeep
44%
Maserati
44%
Mazda
42%
Cadillac
41%
Lexus
41%
Subaru
41%
Smart
38%
Lotus
34%
DS
31%
Lancia
31%
Cupra
30%
Chrysler
28%
Abarth
27%
Lada
25%
Corvette
23%
Infiniti
21%
Saab
20%
KTM
19%
Hummer
15%
Acura
11%
Isuzu
11%
Iveco
11%
Man
11%
BYD
10%
Ssangyong
9%
Triumph
7%
Caterham
5%
Kawasaki
5%
Plymouth
4%
Polestar
4%
Fisker
3%
Aiways
2%
Donkervoort
2%
Ineos
2%
Lynk & Co
2%
Maxus
2%
Artega
1%
BAIC
1%
BAW
1%
DFSK
1%
Forthing
1%
Hongqi
1%
KGM
1%
Mia Electric
1%
Seres
1%
SWM
1%
Betsune
0%
Aucun quiz correspondant
Distribution des résultats
% des personnes avec chaque résultat
Percentile par nombre de réponses
Votre historique - résultats
Vous n’avez pas pris ce quiz